[Event "SVK-chT2A 2324"]
[Site "Slovakia"]
[Date "2024.03.17"]
[Round "11.2"]
[White "Abel, Peter"]
[Black "Zetocha, Adrian"]
[Result "1/2-1/2"]
[WhiteElo "2169"]
[BlackElo "2168"]
[PlyCount "81"]
[EventDate "2023.10.07"]
[EventType "team-tourn"]
[EventRounds "11"]
[EventCountry "SVK"]
[SourceTitle "EXT 2025"]
[Source "ChessBase"]
[SourceDate "2024.10.14"]
[SourceVersion "1"]
[SourceVersionDate "2024.10.14"]
[SourceQuality "1"]
[WhiteTeam "Piestany Kupele"]
[BlackTeam "Bratislava Slovan IV"]
[WhiteTeamCountry "SVK"]
[BlackTeamCountry "SVK"]

1. c4 Nf6 2. Nc3 d5 3. cxd5 Nxd5 4. Nf3 Nxc3 5. bxc3 c5 6. g3 Nc6 7. Bg2 e5 8. d3 Be7 9. 0-0 0-0 10. Qb3 Rb8 11. Nd2 Be6 12. Qa4 b5 13. Qe4 Rc8 14. Nb3 c4 15. dxc4 bxc4 16. Nd2 Qa5 17. Qc2 f5 18. Nf3 Bd5 19. Ng5 e4 20. Nh3 Bf6 21. Bd2 Rfd8 22. Rfc1 h6 23. Nf4 Bf7 24. h4 g6 25. Bf1 Kg7 26. Ng2 Rd7 27. Rab1 Ne5 28. a4 Qd8 29. Rd1 Be8 30. Nf4 Rc6 31. Be3 g5 32. hxg5 hxg5 33. Ng2 Ra6 34. Bd4 Ng4 35. Bxf6+ Qxf6 36. Rxd7+ Bxd7 37. Rb7 Qc6 38. Qb2 Rb6 39. Rxb6 axb6 40. Qd2 Kg6 41. Qd4 1/2-1/2

[Event "SVK-chT1W 2223"]
[Site "Slovakia"]
[Date "2023.02.04"]
[Round "8.3"]
[White "Abel, Peter"]
[Black "Stevik, Patrik1"]
[Result "0-1"]
[WhiteElo "2147"]
[BlackElo "2355"]
[PlyCount "92"]
[EventDate "2022.10.15"]
[EventType "team-tourn"]
[EventRounds "11"]
[EventCountry "SVK"]
[SourceTitle "EXT 2024"]
[Source "ChessBase"]
[SourceDate "2023.10.10"]
[SourceVersion "1"]
[SourceVersionDate "2023.10.10"]
[SourceQuality "1"]
[WhiteTeam "Povazska Bystrica"]
[BlackTeam "Levice"]
[WhiteTeamCountry "SVK"]
[BlackTeamCountry "SVK"]

1. c4 e6 2. Nf3 d5 3. g3 Nf6 4. Bg2 Be7 5. 0-0 0-0 6. d3 c5 7. Nc3 d4 8. Nb5 Nc6 9. Bf4 Nh5 10. Bd2 a6 11. Na3 e5 12. Nc2 f5 13. a3 a5 14. Rb1 a4 15. b4 axb3 16. Rxb3 e4 17. Nfe1 Nf6 18. Qb1 Bd6 19. Rb5 Qe7 20. Qc1 h6 21. Na1 Ng4 22. Nec2 e3 23. Be1 exf2+ 24. Bxf2 Qxe2 25. Rb2 Qxd3 26. Bd5+ Kh8 27. Rd1 Nxf2 28. Rxd3 Nxd3 29. Qb1 Nxb2 30. Qxb2 f4 31. Qb3 Ne5 32. Ne1 Bg4 33. gxf4 Rxf4 34. Nac2 Raf8 35. Bg2 Be6 36. Qxb7 d3 37. Qa6 dxc2 38. Nxc2 Nxc4 39. a4 Bc8 40. Qc6 R4f6 41. Qd5 Be6 42. Qd3 Be5 43. Qe4 Rf4 44. Qe1 Bf5 45. Bd5 Bxc2 46. Bxc4 Rg4+ 0-1

[Event "SVK-chT1W 2223"]
[Site "Slovakia"]
[Date "2022.11.05"]
[Round "3.3"]
[White "Ruckschloss, Karol"]
[Black "Abel, Peter"]
[Result "1-0"]
[WhiteElo "2190"]
[BlackElo "2223"]
[PlyCount "87"]
[EventDate "2022.10.15"]
[EventType "team-tourn"]
[EventRounds "11"]
[EventCountry "SVK"]
[SourceTitle "EXT 2024"]
[Source "ChessBase"]
[SourceDate "2023.10.10"]
[SourceVersion "1"]
[SourceVersionDate "2023.10.10"]
[SourceQuality "1"]
[WhiteTeam "Bratislava Slovan III"]
[BlackTeam "Povazska Bystrica"]
[WhiteTeamCountry "SVK"]
[BlackTeamCountry "SVK"]

1. c4 Nf6 2. d4 c5 3. Nf3 cxd4 4. Nxd4 Nc6 5. Nc3 g6 6. e4 d6 7. Be2 Bg7 8. Be3 0-0 9. Qd2 Bd7 10. h3 Qa5 11. 0-0 Nxd4 12. Qxd4 Be6 13. Qd2 Rfc8 14. b3 a6 15. a4 Nd7 16. Bd4 Bxd4 17. Qxd4 Qe5 18. Qe3 f5 19. exf5 gxf5 20. Bf3 Rab8 21. Rfe1 Qxe3 22. Rxe3 Ne5 23. Bd5 Bxd5 24. Nxd5 Kf7 25. f4 Nc6 26. Rae1 e5 27. fxe5 dxe5 28. Rf1 Ke6 29. g4 Nd4 30. gxf5+ Nxf5 31. Ref3 Rg8+ 32. Kh2 Nd6 33. Rf6+ Kd7 34. c5 Ne4 35. Rb6 Rbf8 36. Rxf8 Rxf8 37. b4 Rf2+ 38. Kg1 Rd2 39. Ne3 Kc7 40. Nc4 Re2 41. Na5 Ng5 42. Rxb7+ Kc8 43. c6 e4 44. Nc4 1-0

[Event "SVK-chT2A 2122"]
[Site "Slovakia"]
[Date "2022.03.27"]
[Round "9.2"]
[White "Jablonicky, Martin"]
[Black "Abel, Peter"]
[Result "1-0"]
[WhiteElo "2372"]
[BlackElo "2231"]
[PlyCount "107"]
[EventDate "2021.10.16"]
[EventType "team-tourn"]
[EventRounds "11"]
[EventCountry "SVK"]
[SourceTitle "EXT 2023"]
[Source "ChessBase"]
[SourceDate "2022.10.05"]
[SourceVersion "1"]
[SourceVersionDate "2022.10.05"]
[SourceQuality "1"]
[WhiteTeam "Trnava Sered"]
[BlackTeam "Piestany Kupele"]
[WhiteTeamCountry "SVK"]
[BlackTeamCountry "SVK"]

1. e4 Nf6 2. Nc3 e5 3. Nf3 Nc6 4. Bb5 d6 5. d4 exd4 6. Nxd4 Bd7 7. 0-0 Nxd4 8. Qxd4 Bxb5 9. Nxb5 a6 10. Nc3 Be7 11. b3 0-0 12. Bb2 Nd7 13. Rad1 Bf6 14. Qe3 Re8 15. f4 Bxc3 16. Qxc3 f6 17. Rfe1 Qc8 18. Rd3 Re7 19. Rg3 Rf7 20. h3 Qd8 21. Kh2 Rc8 22. Qb4 Rb8 23. Qc4 Nb6 24. Qe2 Nd7 25. Qg4 Qf8 26. Qf5 Qe7 27. Qa5 Rc8 28. Qd5 Rb8 29. a4 Nb6 30. Qa5 Qe6 31. Bd4 Nc8 32. c4 Rd7 33. Qc3 Rf7 34. b4 b6 35. c5 dxc5 36. bxc5 bxc5 37. Qxc5 Nd6 38. Qc6 Qc4 39. Qxc4 Nxc4 40. e5 fxe5 41. fxe5 Rf4 42. Bc3 g6 43. Rd1 Re8 44. Rgd3 Rf7 45. Rd8 Rfe7 46. Rxe8+ Rxe8 47. Rd4 Ne3 48. Rd7 c6 49. Ra7 Nd5 50. Ba1 Nb4 51. Kg3 Rd8 52. Kg4 Rd1 53. e6 Re1 54. Ra8# 1-0

[Event "SVK-chT2A 1819"]
[Site "Slovakia"]
[Date "2018.12.15"]
[Round "5.2"]
[White "Kapusta, Petr"]
[Black "Abel, Peter"]
[Result "1-0"]
[WhiteElo "2184"]
[BlackElo "2211"]
[PlyCount "177"]
[EventDate "2018.10.13"]
[EventType "team-tourn"]
[EventRounds "11"]
[EventCountry "SVK"]
[SourceTitle "CBM 189 Extra"]
[Source "ChessBase"]
[SourceDate "2019.05.31"]
[SourceVersion "1"]
[SourceVersionDate "2019.05.31"]
[SourceQuality "1"]
[WhiteTeam "Skalica"]
[BlackTeam "Piestany Kupele"]
[WhiteTeamCountry "SVK"]
[BlackTeamCountry "SVK"]

1. e4 Nf6 2. Nc3 d5 3. e5 d4 4. exf6 dxc3 5. fxg7 cxd2+ 6. Bxd2 Bxg7 7. Qf3 Nc6 8. Bb5 Qd6 9. Ne2 Bd7 10. 0-0-0 Qf6 11. Qxf6 Bxf6 12. Bc3 Bxc3 13. Nxc3 0-0-0 14. Nd5 e6 15. Bxc6 bxc6 16. Nf6 c5 17. Nxd7 Rxd7 18. Rxd7 Kxd7 19. Rd1+ Kc6 20. Rd3 Rg8 21. g3 f5 22. Ra3 Kb6 23. Re3 Re8 24. Re5 Kc6 25. b3 Kd6 26. f4 Rb8 27. c3 a5 28. Kc2 a4 29. bxa4 Rb6 30. Re2 Rb8 31. Re1 Kd5 32. Re5+ Kd6 33. Re1 h6 34. Rd1+ Kc6 35. Rd2 h5 36. Rd3 h4 37. gxh4 Rh8 38. Rh3 Rh5 39. Kd3 Kd5 40. c4+ Kc6 41. Kc3 Kb6 42. Kd2 Ka5 43. a3 Kxa4 44. Ke2 c6 45. Kf2 Ka5 46. Kg2 Ka4 47. Kh1 Ka5 48. Kg1 Ka4 49. Kg2 Ka5 50. Rf3 Rxh4 51. h3 Ka4 52. Kg3 Rh6 53. Re3 Ka5 54. h4 Ka4 55. Kh3 Ka5 56. Rg3 Ka4 57. Rd3 Ka5 58. Re3 Ka4 59. Re5 Kxa3 60. Rxc5 Kb4 61. Rxc6 Rg6 62. h5 Rg1 63. Kh4 Rg4+ 64. Kh3 Rg1 65. Rxe6 Rh1+ 66. Kg3 Rxh5 67. Rc6 Rh8 68. c5 Kb5 69. Rf6 Rg8+ 70. Kf3 Kxc5 71. Rxf5+ Kd6 72. Re5 Rg1 73. Re2 Kd5 74. f5 Kd6 75. Kf4 Kd7 76. f6 Rf1+ 77. Kg5 Rg1+ 78. Kf5 Rf1+ 79. Kg6 Rg1+ 80. Kf7 Rg3 81. Rd2+ Kc7 82. Kf8 Rg1 83. f7 Kc6 84. Rd4 Kc5 85. Re4 Ra1 86. Kg7 Rg1+ 87. Kf6 Kd5 88. Re2 Rg3 89. f8Q 1-0

[Event "SVK-ch rapid"]
[Site "Velky Cetin"]
[Date "2018.04.28"]
[Round "3"]
[White "Manik, Mikulas"]
[Black "Abel, Peter"]
[Result "1-0"]
[WhiteElo "2448"]
[BlackElo "2190"]
[PlyCount "87"]
[EventDate "2018.04.28"]
[EventType "swiss (rapid)"]
[EventRounds "9"]
[EventCountry "SVK"]
[SourceTitle "CBM 184 Extra"]
[Source "ChessBase"]
[SourceDate "2018.06.28"]
[SourceVersion "1"]
[SourceVersionDate "2018.06.28"]
[SourceQuality "1"]

1. e4 Nf6 2. e5 Nd5 3. d4 d6 4. c4 Nb6 5. exd6 cxd6 6. Nc3 g6 7. Be3 Bg7 8. Rc1 0-0 9. b3 N6d7 10. Nf3 Nf6 11. h3 d5 12. Be2 Nc6 13. 0-0 e6 14. Ne5 Ne7 15. g4 b6 16. g5 Nd7 17. f4 Nf5 18. Bf2 Nxe5 19. dxe5 dxc4 20. bxc4 Bb7 21. Qxd8 Rfxd8 22. Rfd1 Bf8 23. Nb5 a6 24. Nc7 Rab8 25. Bxb6 Rxd1+ 26. Rxd1 Ng3 27. Bg4 h5 28. gxh6 Bxh6 29. Be3 Rc8 30. Nxe6 Rxc4 31. Rd8+ Kh7 32. Rd7 Be4 33. Rxf7+ Kg8 34. Rc7 Ra4 35. Nc5 Rb4 36. Nxe4 Rxe4 37. Kf2 Nf5 38. Bxf5 gxf5 39. Kf3 Ra4 40. e6 Rxa2 41. Rc8+ Kg7 42. Bd4+ Kg6 43. e7 Ra3+ 44. Be3 1-0